Kosmetika pro studijní obor Kosmetička I

Bibliographic Details
Main Author: Rozsívalová, Věra, 1924-2006 (Author)
Format: Book
Language:Czech
PhysicalDescription:139 s., [8] s. obr. príl. fotogr., ilustr. 21 cm
Published: Praha Informatorium 2010
ISBN:9788073330804
Edition:2. aktualizované vyd.
Subjects:

MARC

LEADER 00000cam a2200000 a 4500
001 vtls010881816
003 SK-MaSNL
005 20260301134353.0
008 240314s2010 xr oa d p 000 0 cze
020 |a 9788073330804  |q (brož.) 
040 |a SNK  |b slo  |c SNK  |e AACR2 
041 0 |a cze 
044 |a xr  |c CZ 
072 7 |a 687  |x Odevný priemysel. Kozmetika. Kaderníctvo. Starostlivosť o vzhľad  |2 konspekt 
080 |a 687.55  |2 2001 
080 |a (075.3)  |2 2011 
100 1 |a Rozsívalová, Věra,  |d 1924-2006  |4 aut  |9 61941 
245 1 0 |a Kosmetika  |b pro studijní obor Kosmetička  |n I  |c Věra Rozsívalová a kolektiv 
250 |a 2. aktualizované vyd. 
260 |a Praha  |b Informatorium  |c 2010 
300 |a 139 s., [8] s. obr. príl.  |b fotogr., ilustr.  |c 21 cm 
500 |a Na obale: 2. vyd. 
650 0 7 |a kozmetika  |2 SNKPH  |9 17020 
650 0 7 |a Cosmetics  |2 SNKPHeng  |9 267470 
655 7 |a učebnice stredných škôl  |2 SNKPH  |9 69323 
655 7 |a Textbooks (secondary)  |2 SNKPHeng  |9 276359 
919 |a 978-80-7333-080-4 
999 |c 756839  |d 758769 
952 |t snkROZ/1 687  |a SNKUST  |b SNKUST  |y PREZ  |7 0  |p 17A1124156  |o snkIC 142143/1  |i snk2015/29347  |8 3  |g 9.78  |0 0  |1 0  |4 0  |d 2015-10-21  |l 0  |r 2025-03-20 00:00:00  |w 2026-02-23